Quiz o państwach#3 - Statystyki

Ogólne statystyki
  • Ten quiz został rozwiązany 15 razy
  • Średni wynik to 4 z 5
Statystyki odpowiedzi
Podpowiedź Odpowiedź % Poprawnych
W tym państwie znajduje się Mekka Arabia Saudyjska
100%
4 największe państwo w Australii i Oceani Fidżi
100%
Najmniejsze państwo w Ameryce Północnej Saint Kitts i Nevis
89%
Stolicą tego państwa jest Bangi Republika Środkowoafrykańska
44%
Najdłuższa rzeka tego państwa to Severn Wielka Brytania
44%
Nie znaleziono quizów pasujących do podanych kryteriów
Rozkład punktacji
Procent ludzi z każdym wynikiem
Percentyl według liczby udzielonych odpowiedzi
Twoja historia wyników
Nie rozwiązałeś tego quizu